| 000 | 00775nam a22002657a 4500 | ||
|---|---|---|---|
| 001 | 430290 | ||
| 003 | DO-SdBNP | ||
| 005 | 20180221091602.0 | ||
| 007 | 430290 | ||
| 008 | 950206s1993 sp | |||| ||spa | ||
| 016 | 7 | _2BPMSU | |
| 020 | _a8434837013 | ||
| 040 |
_aBPMSU _bspa _cBPMSU |
||
| 100 | 1 |
_aMachado, Ana María _d1941- |
|
| 245 | 1 | 3 |
_aLa abuelita aventurera / _cAna María Machado ; ilustraciones, Pablo Núñez |
| 250 | _a2ª ed. | ||
| 260 |
_aMadrid : _bSM, _c1993 |
||
| 300 |
_a61 p.; _bil.: _c20 cm. |
||
| 490 |
_aEl barco de vapor. Serie blanca _v45 |
||
| 700 | 1 |
_aNúñez, Pablo _d1963- _eil. |
|
| 830 |
_aEl barco de vapor _pSerie blanca _v45 |
||
| 942 |
_2ddc _cBK |
||
| 945 | _ainventariado, 2018 / dg | ||
| 956 |
_aVMATEO _210 _320151124 _6BPMSU _800151 |
||
| 999 |
_c8888 _d8888 |
||